Brawlstars: Guess the Mastery Title - Statistics

General Stats
  • This quiz has been taken 271 times
    127 since last reset
  • The average score is 46 of 93
Answer Stats
Brawler Mastery Title % Correct
Jackie #@%**
100%
Bull Bulldozer!
77%
Colt The Pretty
77%
Shelly No time To explain!
75%
Edgar CEO of Brawl Stars
73%
Brock Boom!
71%
Dynamike Birdie, birdie, birdie!
68%
Mortis Creature of the Night
68%
Piper The Sniper
68%
Rico The Lover
66%
Frank The Tank
66%
Surge Bro
65%
Pam Your Mom
65%
Emz #haters
64%
Tick Where's my head?
62%
Grom With one left hand!
60%
Bo One with Nature
58%
Hank Prawn Ready!
58%
Crow Caw caw!
57%
Gus The Lost
57%
Barley You Got Served!
57%
Leon The Sneaky
56%
Poco El Mariachi
55%
Darryl Pirrrate!
55%
Stu Wicked
55%
Bibi Cool Cat
53%
El Primo El Luchador
53%
Jessie The Builder
53%
Nita The Untamed
53%
Doug Wiener
53%
Colette The Collector
52%
Carl The Geologist
52%
Penny The Salty
52%
Gray The Shady
52%
Rosa Touching Grass
52%
Meeple Cheater
51%
Maisie Master of Disaster
51%
Mr.P The Boss
51%
Gale The Janitor
51%
Max I AM SPEED!
49%
Sam In Your Face!
49%
Bea Queen
49%
Griff The Greedy
49%
Mandy Tough Cookie
49%
Larry & Lawrie I am the law!
48%
Meg Tech Support 2.0
48%
Sandy The Sleepy
48%
Berry Unicorn
48%
Tara What's in the cards?
48%
Pearl Let Me Cook!
47%
Eve Mother
47%
Nani Nanny
47%
Kenji Samurai
47%
Fang Sneaker Artist
47%
Ash Trash Tier
47%
Buster Blockbuster
45%
Kit Meow
45%
Lily Backstabber
44%
Squeak is an accident
44%
Spike One of a Kind
44%
Belle Starr
44%
Cordelius Toxic
44%
Lola Drama Queen
43%
Amber Fire Starter
43%
Otis The Artist
43%
Byron The Sensational
43%
Sprout Tree hugger
43%
Draco Dungeon Master
42%
Melodie Fearless
42%
Chuck The Maestro
42%
Bonnie The Reckless
42%
R-T The Watcher
42%
Ruffs Colonel
40%
Lou is here for you!
40%
Kaze Ninja
40%
Gene Talk to the Hand!
40%
Janet The Rocket
40%
Chester Jack of all Trades
39%
Ollie Based
36%
Shade Ghosted
36%
Buzz Born bad
35%
Moe Cheesy
34%
Clancy Shell Shocked
34%
8-Bit SYS 64738
34%
Charlie The Amazing
34%
Mico Am I a joke to you?
32%
Angelo Bloodthirsty
32%
Juju Hexed
31%
Lumi Headbanger
29%
Willow Is in your head!
29%
Finx Waste of time
27%
Alli See You Later
26%
Jae-Yong Amor Fati
23%
No matching quizzes found
Score Distribution
Percent of People with Each Score
Percentile by Number Answered
Your Score History
You have not taken this quiz since the last reset